Dificultades en el aprendizaje: un modelo de diagnóstico e intervención, ejemplificado con un caso de dificultades en lectoescritura
Saved in:
| Hovedforfatter: | |
|---|---|
| Format: | Bog |
| Sprog: | spansk |
| Udgivet: |
Madrid
Santillana
1995
|
| Serier: | Colección Aula XXI, 59
|
| Fag: | |
| Tags: |
Tilføj Tag
Ingen Tags, Vær først til at tagge denne postø!
|
MARC
| LEADER | 00000nam a2200000 a 4500 | ||
|---|---|---|---|
| 001 | UCQ9690 | ||
| 003 | CL-VaPUC | ||
| 008 | 990112e19950000SP |||||||||||||||||spa|d | ||
| 020 | |a 8429445366 | ||
| 082 | 0 | 4 | |a 371.92 |b SUA |2 21 |
| 100 | 0 | |a Suárez Yáñez, Andrés |e author |9 424408 | |
| 245 | 1 | 0 | |a Dificultades en el aprendizaje: un modelo de diagnóstico e intervención, ejemplificado con un caso de dificultades en lectoescritura |
| 300 | |a 206 p | ||
| 942 | |c BK | ||
| 945 | |d 19990112 00:00:00 |a aarredon | ||
| 260 | |a Madrid |b Santillana |c 1995 | ||
| 650 | 0 | |a Trastornos del aprendizaje |9 307969 | |
| 650 | 0 | |a Aprendizaje |9 254827 | |
| 650 | 7 | |a DIAGNOSTICO |2 CL-VaPUC |9 269639 | |
| 650 | 0 | |a Educación especial |9 307486 | |
| 650 | 0 | |a Psicología del aprendizaje |9 306854 | |
| 650 | 0 | |a Lectoescritura |9 309175 | |
| 583 | |a last modification |c 19990112 00:00:00 |k Rodrigo Vera | ||
| 490 | 0 | |a Colección Aula XXI, 59 | |
| 999 | |c 278677 |d 278675 | ||
| 952 | |0 0 |1 0 |4 0 |6 371_920000000000000_SUA_1995 |7 0 |8 A |9 317392 |a BIBEDU |b BIBEDU |d 2019-11-20 |i 3494012 |o 371.92 SUA 1995 |p 3494012 |r 2019-11-20 |w 2019-11-20 |y BK |k BME | ||
| 952 | |0 0 |1 0 |4 0 |6 371_920000000000000_SUA_1995 |7 0 |8 A |9 317393 |a BIBEDU |b BIBEDU |d 2019-11-20 |i 3966887 |l 1 |o 371.92 SUA 1995 |p 3966887 |r 2023-05-17 |s 2023-05-10 |w 2019-11-20 |y BK |k BME | ||
| 952 | |0 0 |1 0 |4 0 |6 371_920000000000000_SUA_1995 |7 0 |8 A |9 317394 |a BIBEDU |b BIBEDU |d 2019-11-20 |i 3966895 |o 371.92 SUA 1995 |p 3966895 |r 2019-11-20 |w 2019-11-20 |y BK |k BME | ||
| 952 | |0 0 |1 0 |4 0 |6 371_920000000000000_SUA_1995 |7 0 |8 A |9 317395 |a BIBEDU |b BIBEDU |d 2019-11-20 |i 3969304 |o 371.92 SUA 1995 |p 3969304 |r 2019-11-20 |w 2019-11-20 |y BK |k BME | ||